| 000 | 00671nam a2200253 4500 | ||
|---|---|---|---|
| 001 | 3599119 | ||
| 003 | PILC | ||
| 005 | 20150820150940.0 | ||
| 008 | 691027s1969 nyua 000 0 eng | ||
| 010 | _a 70084120 | ||
| 020 | _a0617203312 | ||
| 040 |
_aDLC _cDLC _dDLC |
||
| 050 | 0 | 0 |
_aBF 455 _b.D37 1969 |
| 082 | 0 | 0 | _a153 |
| 100 | 1 |
_aDe Bono, Edward, _d1933- |
|
| 245 | 1 | 4 | _aThe mechanism of mind. |
| 260 |
_aNew York, _bSimon and Schuster _c[1969] |
||
| 300 |
_a280 pages : _billustrations ; _c23 cm. |
||
| 350 | _a5.95 | ||
| 650 | 0 | _aThought and thinking. | |
| 650 | 0 | _aMemory. | |
| 906 |
_a7 _bcbc _corignew _du _encip _f19 _gy-gencatlg |
||
| 942 |
_2lcc _cBK _kFOR |
||
| 999 |
_c288424 _d288424 |
||